000 02470cam a22003858i 4500
001 23661140
003 OSt
005 20260512142755.0
008 240426s2025 nyu b 001 0 eng
010 _a 2024018694
020 _a9781032519845
_q(paperback)
035 _a23661140
040 _aDLC
_beng
_erda
_cDLC
_dMILA_ain
042 _apcc
050 0 0 _aPN4784.B75
_bP36 2025
100 1 _aPapper, Robert A.,
_d1947-
_eauthor.
240 1 0 _aBroadcast news writing stylebook
245 1 0 _aBroadcast news and writing stylebook /
_cBob Papper and Janet Kolodzy.
246 3 _aBroadcast, news and writing stylebook
250 _a8th Edition.
263 _a1111
264 1 _aNew York :
_bRoutledge,
_c2025.
300 _apages cm
336 _atext
_btxt
_2rdacontent
337 _aunmediated
_bn
_2rdamedia
338 _avolume
_bnc
_2rdacarrier
504 _aIncludes bibliographical references and index.
520 _a"Broadcast News and Writing Stylebook is the go-to resource for writing broadcast news, offering a concise introduction to writing engaging stories for television, radio, podcasts, and online media. Covering the nuances of reporting, grammar, style, and usage, readers will learn how to craft stories on government, crime, weather, education, health, sports, and more. This eighth edition is updated to include: New sections on industry challenges and opportunities from Artificial Intelligence, deep fakes, and streaming. Fully updated examples, exercises, and glossary. An expanded focus on ethics with ethical issues discussed in virtually every chapter. Drawing on over a quarter of a century of broadcast news and industry research experience, authors Papper and Kolodzy once again ensure this vital text contains all the information necessary for being a successful news writer today. Whether you're a journalism student or a working broadcast professional, Broadcast News and Writing Stylebook is a definitive reference for your bookshelf. This book also features an accompanying Instructor Manual, found at www.routledge.com/9781032519845"--
_cProvided by publisher.
650 0 _aBroadcast journalism
_xAuthorship.
650 0 _aJournalism
_vStyle manuals.
650 0 _aReport writing.
700 1 _aKolodzy, Janet,
_d1955-
_eauthor.
776 0 8 _iOnline version:
_aPapper, Robert A., 1947-
_tBroadcast, News & Writing Stylebook
_b8th Edition.
_dNew York : Routledge, 2025.
_z9781003404712
_w(DLC) 2024018695
942 _2lcc
_cBK
999 _c2656
_d2656